000 00591nam a2200193Ia 4500
003 GCL
008 140319s9999 xx 000 0 ara d
040 _aGCL /
_cGCL
082 0 4 _a812.008
_bا غ
100 1 _aالفريد فرج
245 1 0 _aغراميات عطوة ابو مطوة : مسرحية من فصلين /
_cالفريد فرج
260 _a[S.N] :
_bدار سعاد الصباح ،
_c1993
300 _a132 ص
490 _a
650 0 4 _aالادب العربى
650 0 4 _aالمسرح العربى
650 0 4 _aالمسرحيات العربية
942 _2ddc
_cBK
999 _c34583
_d34583